00489nam a2200133 a 45000010005000000030009000050080041000140400028000550820016000832450189000992600032002883000010003206500025003306579CO-ViMGA141112s2004 ck r 000 u spa d aCO-ViMGAbspacCO-ViMGA04a365.42 N45610aNiños y jóvenes criminales : bprevención tipología. Criminalogía. Procedimiento y derecho correccional de menores. Medidas y ejecución / cAntón López Julio de y otros aGranada : bComares, c1995 a262 p14aDELINCUENCIA JUVENIL